Sports Quiz

Random Sports or NHL Quiz
Score 0/182 Timer 20:00
0 Plays Today
Team Answer % Correct
Carolina HurricanesSebastian Aho
85.6%
NY RangersMarc Staal
82.8%
Pittsburgh PenguinsSidney Crosby
82.8%
Carolina HurricanesJordan Staal
82.5%
New Jersey DevilsTaylor Hall
81.5%
Columbus Blue JacketsSeth Jones
81.3%
Columbus Blue JacketsRyan Murray
81%
Pittsburgh PenguinsMatt Murray
81%
Pittsburgh PenguinsEvgeni Malkin
81%
NY RangersHenrik Lundqvist
80.8%
Washington CapitalsBraden Holtby
79.7%
NY RangersArtemi Panarin
79.5%
Philadelphia FlyersClaude Giroux
79.2%
Washington CapitalsAlex Ovechkin
79.2%
Pittsburgh PenguinsKris Letang
78.7%
Washington CapitalsNicklas Backstrom
77.5%
NY IslandersMathew Barzal
76.5%
New Jersey DevilsP.K. Subban
75.2%
NY IslandersThomas Greiss
74.7%
NY RangersMika Zibanejad
74.4%
Carolina HurricanesPetr Mrazek
73.7%
Philadelphia FlyersJakub Voracek
73.7%
New Jersey DevilsJack Hughes
73.4%
NY IslandersAnders Lee
73.4%
Washington CapitalsJohn Carlson
73.4%
Washington CapitalsEvgeny Kuznetsov
73.4%
Carolina HurricanesTeuvo Teravainen
72.9%
Columbus Blue JacketsCam Atkinson
72.9%
New Jersey DevilsCory Schneider
71.4%
Pittsburgh PenguinsJake Guentzel
71.1%
Columbus Blue JacketsZach Werenski
70.1%
New Jersey DevilsNico Hischier
70.1%
Philadelphia FlyersCarter Hart
69.9%
Carolina HurricanesJaccob Slavin
69.4%
NY IslandersSemyon Varlamov
69.4%
Washington CapitalsT.J. Oshie
69.4%
Columbus Blue JacketsNick Foligno
69.1%
New Jersey DevilsAndy Greene
68.6%
Columbus Blue JacketsJoonas Korpisalo
67.6%
Carolina HurricanesDougie Hamilton
67.3%
Washington CapitalsTom Wilson
66.8%
NY RangersChris Kreider
66.6%
NY RangersKaapo Kakko
66.1%
NY RangersJacob Trouba
65.6%
New Jersey DevilsMackenzie Blackwood
64.8%
Columbus Blue JacketsPierre-Luc Dubois
63.5%
NY IslandersNick Leddy
63.5%
Carolina HurricanesAndrei Svechnikov
63.3%
New Jersey DevilsKyle Palmieri
63.3%
Philadelphia FlyersIvan Provorov
63.3%
Philadelphia FlyersShayne Gostisbehere
63.3%
Philadelphia FlyersSean Couturier
62.8%
NY IslandersJohnny Boychuk
62.5%
Pittsburgh PenguinsPatric Hornqvist
61.8%
NY IslandersMatt Martin
61.5%
Washington CapitalsDmitry Orlov
61%
NY RangersAlexandar Georgiev
60.8%
Carolina HurricanesBrett Pesce
60.5%
NY RangersPavel Buchnevich
60.3%
Philadelphia FlyersTravis Konecny
60%
NY IslandersJosh Bailey
59.7%
Team Answer % Correct
Washington CapitalsJakub Vrana
58%
New Jersey DevilsWayne Simmonds
57.5%
New Jersey DevilsTravis Zajac
56.7%
Pittsburgh PenguinsTristan Jarry
56.5%
NY IslandersBrock Nelson
56.2%
NY RangersBrady Skjei
56.2%
New Jersey DevilsNikita Gusev
55.9%
NY IslandersJordan Eberle
55.4%
NY RangersBrendan Smith
55.4%
Columbus Blue Jackets David Savard
55.2%
New Jersey DevilsJesper Bratt
55.2%
Pittsburgh PenguinsJack Johnson
55.2%
Philadelphia FlyersBrian Elliott
54.9%
Philadelphia FlyersMatt Niskanen
54.7%
Columbus Blue JacketsJosh Anderson
53.7%
Carolina HurricanesJames Reimer
52.7%
Washington CapitalsRadko Gudas
52.7%
Columbus Blue JacketsAlexander Wennberg
52.4%
NY IslandersCal Clutterbuck
52.2%
Washington CapitalsIlya Samsonov
51.6%
New Jersey DevilsSami Vatanen
51.4%
NY IslandersRyan Pulock
51.1%
Carolina HurricanesHaydn Fleury
49.9%
NY RangersTony DeAngelo
49.9%
Philadelphia FlyersKevin Hayes
49.1%
Columbus Blue JacketsBoone Jenner
48.9%
New Jersey DevilsWill Butcher
48.6%
Pittsburgh PenguinsAlex Galchenyuk
48.6%
Washington CapitalsLars Eller
48.4%
Columbus Blue JacketsBrandon Dubinsky
47.3%
NY RangersJesper Fast
47.3%
New Jersey DevilsPavel Zacha
47.1%
NY IslandersCasey Cizikas
46.6%
Carolina HurricanesMartin Necas
46.3%
Pittsburgh PenguinsBrian Dumoulin
46.3%
NY RangersRyan Strome
46.1%
New Jersey DevilsDamon Severson
45.6%
NY IslandersAnthony Beauvillier
45.6%
Pittsburgh PenguinsJustin Schultz
45.6%
Carolina HurricanesNino Niederreiter
45.1%
Carolina HurricanesJake Gardiner
45.1%
Columbus Blue JacketsGustav Nyquist
44.6%
New Jersey DevilsMiles Wood
44.6%
NY IslandersLeo Komarov
44.1%
Columbus Blue JacketsMarkus Nutivaara
43.8%
New Jersey DevilsBlake Coleman
43.8%
Philadelphia FlyersTravis Sanheim
43.5%
Carolina HurricanesRyan Dzingel
43.3%
NY RangersAdam Fox
43%
Carolina HurricanesWarren Foegele
42.5%
Carolina HurricanesErik Haula
42%
Washington CapitalsPheonix Copley
41.3%
Washington CapitalsCarl Hagelin
41.3%
Columbus Blue JacketsAlexandre Texier
39.7%
NY RangersLias Andersson
39.5%
Carolina HurricanesJordan Martinook
39%
Carolina HurricanesLucas Wallmark
38.7%
Philadelphia FlyersRobert Hagg
38.5%
Carolina HurricanesJoel Edmundson
37.7%
Columbus Blue JacketsElvis Merzlikins
37.7%
Philadelphia FlyersJames Van Riemsdyk
37.2%
Team Answer % Correct
Columbus Blue JacketsOliver Bjorkstrand
36.7%
Philadelphia FlyersMichael Raffl
35.9%
Carolina HurricanesBrock McGinn
35.7%
NY IslandersAdam Pelech
35.4%
Pittsburgh PenguinsNick Bjugstad
35.4%
NY RangersVladislav Namestnikov
35.2%
Washington CapitalsChandler Stephenson
35.2%
Philadelphia FlyersOskar Lindblom
34.7%
Washington CapitalsMichal Kempny
34.2%
Pittsburgh PenguinsZach Aston-Reese
33.4%
NY RangersBrendan Lemieux
33.2%
Pittsburgh PenguinsErik Gudbranson
33.2%
Philadelphia FlyersJustin Braun
32.7%
NY IslandersDerick Brassard
32.4%
NY IslandersDevon Toews
31.6%
Pittsburgh PenguinsJared McCann
31.6%
Columbus Blue JacketsSonny Milano
30.9%
NY IslandersScott Mayfield
30.6%
NY RangersBrett Howden
30.4%
Philadelphia FlyersScott Laughton
30.4%
Pittsburgh PenguinsDominik Simon
29.6%
Pittsburgh PenguinsBrandon Tanev
27.8%
Columbus Blue JacketsRiley Nash
27.3%
NY IslandersMichael Dal Colle
27.1%
Pittsburgh PenguinsDominik Kahun
26.1%
Washington CapitalsJonas Siegenthaler
25.3%
Pittsburgh PenguinsMarcus Pettersson
23.8%
Washington CapitalsNick Jensen
23.8%
Washington CapitalsNic Dowd
23.3%
Washington CapitalsGarnet Hathaway
23%
New Jersey DevilsMirco Mueller
22.5%
NY IslandersNoah Dobson
22.3%
NY IslandersTom Kuhnhackl
21.8%
Pittsburgh PenguinsTeddy Blueger
21.5%
Columbus Blue JacketsScott Harrington
20.8%
New Jersey DevilsJesper Boqvist
20.8%
Washington CapitalsRichard Panik
20.3%
Pittsburgh PenguinsChad Ruhwedel
20%
Philadelphia FlyersSamuel Morin
19.7%
NY RangersGreg McKegg
19.5%
Columbus Blue JacketsDean Kukan
18.7%
Washington CapitalsTravis Boyd
18.2%
New Jersey DevilsConnor Carrick
18%
NY RangersMicheal Haley
18%
NY IslandersRoss Johnston
17.7%
Pittsburgh PenguinsJuuso Riikola
17.5%
Columbus Blue JacketsVladislav Gavrikov
14.4%
Pittsburgh PenguinsJohn Marino
14.2%
Washington CapitalsBrendan Leipsic
14.2%
Columbus Blue JacketsEmil Bemstrom
12.9%
New Jersey DevilsJohn Hayden
12.7%
New Jersey DevilsKevin Rooney
12.7%
Philadelphia FlyersConnor Bunnaman
9.9%
Washington CapitalsMartin Fehervary
9.4%
Philadelphia FlyersCarsen Twarynski
9.1%
Columbus Blue JacketsMarko Dano
8.9%
Columbus Blue JacketsJakob Lilja
7.8%
Washington CapitalsTyler Lewington
7.1%
Carolina HurricanesMax McCormick
2.5%
NY RangersLibor Hájek
0.5%

You're not logged in!

Compare scores with friends on all Sporcle quizzes.
OR
Log In

Sporcle TV

Today on Sporcle TV


Watch our educational content, quiz creation guides, and fun videos on Sporcle TV.

Show Comments

Extras

Created Oct 3, 2019ReportNominate
Tags:NHL Quiz

Top Quizzes Today


Score Distribution

Paid Content

Your Account Isn't Verified!

In order to create a playlist on Sporcle, you need to verify the email address you used during registration. Go to your Sporcle Settings to finish the process.

Report this User

Report this user for behavior that violates our Community Guidelines.

Details: